[Event "HUN-chT2 Breyer 1516"]
[Site "Hungary"]
[Date "2016.02.14"]
[Round "7.2"]
[White "Horeczky, Tibor"]
[Black "Gara Tornoczi, Peter"]
[Result "1/2-1/2"]
[WhiteElo "2187"]
[BlackElo "2207"]
[PlyCount "61"]
[EventDate "2015.09.13"]
[EventType "team-tourn"]
[EventRounds "11"]
[EventCountry "HUN"]
[SourceTitle "EXT 2017"]
[Source "ChessBase"]
[SourceDate "2016.10.25"]
[SourceVersion "1"]
[SourceVersionDate "2016.10.25"]
[SourceQuality "1"]
[WhiteTeam "Szazhalombatta"]
[BlackTeam "Sarkany DSE"]
[WhiteTeamCountry "HUN"]
[BlackTeamCountry "HUN"]

1. e4 e6 2. d4 d5 3. Nc3 Bb4 4. e5 c5 5. a3 Bxc3+ 6. bxc3 Ne7 7. Qg4 Qc7 8. Qxg7 Rg8 9. Qxh7 cxd4 10. Ne2 Nbc6 11. f4 dxc3 12. Rb1 Bd7 13. Qd3 d4 14. Rg1 0-0-0 15. g4 Kb8 16. h4 Ng6 17. Qg3 Bc8 18. h5 Nge7 19. Qd3 Nd5 20. h6 Qe7 21. g5 Nb6 22. Ng3 Na4 23. Qb5 Nb2 24. Bxb2 cxb2 25. Qxb2 Nxe5 26. fxe5 Qxg5 27. Qc1 Qxe5+ 28. Kf2 Qf6+ 29. Ke1 Qe5+ 30. Kf2 Qf6+ 31. Ke1 1/2-1/2

[Event "HUN-chT2 Breyer 1516"]
[Site "Hungary"]
[Date "2015.12.06"]
[Round "6.2"]
[White "Gara Tornoczi, Peter"]
[Black "Finszter, Mate"]
[Result "0-1"]
[WhiteElo "2207"]
[BlackElo "2198"]
[PlyCount "92"]
[EventDate "2015.09.13"]
[EventType "team-tourn"]
[EventRounds "11"]
[EventCountry "HUN"]
[SourceTitle "CBM 170 Extra"]
[Source "ChessBase"]
[SourceDate "2016.02.25"]
[SourceVersion "1"]
[SourceVersionDate "2016.02.25"]
[SourceQuality "1"]
[WhiteTeam "Sarkany DSE"]
[BlackTeam "Gyor UDSE"]
[WhiteTeamCountry "HUN"]
[BlackTeamCountry "HUN"]

1. e4 e6 2. d4 d5 3. e5 c5 4. c3 Qb6 5. Nf3 Bd7 6. Be2 cxd4 7. cxd4 Bb5 8. Nc3 Bxe2 9. Qxe2 Qa6 10. Nb5 Qb6 11. 0-0 a6 12. Nc3 h6 13. Be3 Nd7 14. Rfc1 Ne7 15. b4 Nc6 16. a3 Be7 17. Qd2 Qd8 18. Na4 Nb6 19. Nxb6 Qxb6 20. Rab1 Kd7 21. Ne1 Qa7 22. Nd3 b5 23. Nc5+ Bxc5 24. Rxc5 Rhc8 25. Qe2 Ne7 26. Qf3 Ke8 27. g4 Rxc5 28. bxc5 Qc7 29. g5 Nf5 30. gxh6 gxh6 31. Qh5 Qe7 32. Kh1 Kd7 33. a4 Kc6 34. Qd1 Qh4 35. Qf3 Nxd4 36. Bxd4 Qxd4 37. Re1 Ra7 38. Qf6 Qb4 39. axb5+ axb5 40. Rc1 Qe4+ 41. f3 Qe3 42. Rg1 b4 43. h4 b3 44. Rg8 Qe1+ 45. Rg1 Qxg1+ 46. Kxg1 b2 0-1

[Event "HUN-chT2 Breyer 1516"]
[Site "Hungary"]
[Date "2015.10.04"]
[Round "2.2"]
[White "Gara Tornoczi, Peter"]
[Black "Juhasz, Mark"]
[Result "1/2-1/2"]
[WhiteElo "2207"]
[BlackElo "2156"]
[PlyCount "29"]
[EventDate "2015.09.13"]
[EventType "team-tourn"]
[EventRounds "11"]
[EventCountry "HUN"]
[SourceTitle "CBM 170 Extra"]
[Source "ChessBase"]
[SourceDate "2016.02.25"]
[SourceVersion "1"]
[SourceVersionDate "2016.02.25"]
[SourceQuality "1"]
[WhiteTeam "Sarkany DSE"]
[BlackTeam "Zsambek"]
[WhiteTeamCountry "HUN"]
[BlackTeamCountry "HUN"]

1. e4 d6 2. d4 Nf6 3. Nc3 g6 4. Be2 Bg7 5. h4 h5 6. Nf3 c6 7. Ng5 Nbd7 8. e5 dxe5 9. dxe5 Nh7 10. e6 Ne5 11. Qxd8+ Kxd8 12. exf7 Nxg5 13. Bxg5 Nxf7 14. 0-0-0+ Kc7 15. Bf4+ 1/2-1/2

[Event "HUN-chT2 Breyer 1415"]
[Site "Hungary"]
[Date "2015.03.22"]
[Round "10.3"]
[White "Gara Tornoczi, Peter"]
[Black "Kovacs, David"]
[Result "1/2-1/2"]
[WhiteElo "2192"]
[BlackElo "2235"]
[PlyCount "21"]
[EventDate "2014.09.07"]
[EventType "team-tourn"]
[EventRounds "11"]
[EventCountry "HUN"]
[SourceTitle "EXT 2016"]
[Source "ChessBase"]
[SourceDate "2015.10.08"]
[SourceVersion "1"]
[SourceVersionDate "2015.10.08"]
[SourceQuality "1"]
[WhiteTeam "Sarkany DSE"]
[BlackTeam "Geniusz Tata"]
[WhiteTeamCountry "HUN"]
[BlackTeamCountry "HUN"]

1. e4 e5 2. Nc3 Nf6 3. Bc4 Nc6 4. d3 Na5 5. Nge2 d6 6. 0-0 Be7 7. a4 Nxc4 8. dxc4 0-0 9. Qd3 c6 10. Ng3 Be6 11. Bg5 1/2-1/2

[Event "HUN-chT2 Breyer 1415"]
[Site "Hungary"]
[Date "2014.11.16"]
[Round "4.2"]
[White "Juhasz, Mark"]
[Black "Gara Tornoczi, Peter"]
[Result "0-1"]
[WhiteElo "2194"]
[BlackElo "2192"]
[PlyCount "69"]
[EventDate "2014.09.07"]
[EventType "team-tourn"]
[EventRounds "11"]
[EventCountry "HUN"]
[SourceTitle "EXT 2016"]
[Source "ChessBase"]
[SourceDate "2015.10.08"]
[SourceVersion "1"]
[SourceVersionDate "2015.10.08"]
[SourceQuality "1"]
[WhiteTeam "Zsambek"]
[BlackTeam "Sarkany DSE"]
[WhiteTeamCountry "HUN"]
[BlackTeamCountry "HUN"]

1. c4 e6 2. g3 d5 3. Bg2 Nf6 4. Nf3 c5 5. cxd5 exd5 6. d4 Nc6 7. 0-0 Be7 8. Nc3 0-0 9. Bg5 c4 10. Ne5 Be6 11. e3 h6 12. Bxf6 Bxf6 13. f4 Ne7 14. g4 Qb6 15. Rf2 Bh4 16. Re2 Rad8 17. Nf3 Bxg4 18. Nxh4 Bxe2 19. Qxe2 f5 20. Nf3 Kh7 21. Kh1 Ng8 22. Ne5 Nf6 23. Rg1 Ne4 24. Bxe4 fxe4 25. Qg2 g6 26. Qxg6+ Qxg6 27. Rxg6 Rg8 28. Rg3 Rxg3 29. hxg3 Rd6 30. f5 Kg7 31. g4 Rb6 32. f6+ Rxf6 33. Nxd5 Rf2 34. Nxc4 b5 35. Nd6 0-1

[Event "HUN-chT2 Breyer 1415"]
[Site "Hungary"]
[Date "2014.09.07"]
[Round "1.3"]
[White "Gara Tornoczi, Peter"]
[Black "Csoli, Odon"]
[Result "0-1"]
[WhiteElo "2192"]
[BlackElo "2187"]
[PlyCount "62"]
[EventDate "2014.09.07"]
[EventType "team-tourn"]
[EventRounds "11"]
[EventCountry "HUN"]
[SourceTitle "EXT 2016"]
[Source "ChessBase"]
[SourceDate "2015.10.08"]
[SourceVersion "1"]
[SourceVersionDate "2015.10.08"]
[SourceQuality "1"]
[WhiteTeam "Sarkany DSE"]
[BlackTeam "Szazhalombatta"]
[WhiteTeamCountry "HUN"]
[BlackTeamCountry "HUN"]

1. e4 c6 2. d4 d5 3. exd5 cxd5 4. c4 Nf6 5. Nc3 Nc6 6. Bg5 Be6 7. Be2 Qa5 8. Nf3 Ne4 9. 0-0 Nxc3 10. bxc3 dxc4 11. a4 Bd5 12. Bf4 e6 13. Qc2 Qd8 14. Ne5 Nxe5 15. Bxe5 Bd6 16. f4 0-0 17. Bf3 f6 18. Bxd5 exd5 19. Bxd6 Qxd6 20. Rae1 Rfe8 21. Re2 Rxe2 22. Qxe2 Qd7 23. Re1 Kf8 24. Qb2 Re8 25. Qb4+ Kg8 26. Rxe8+ Qxe8 27. Kf2 Qd7 28. a5 Qc7 29. Qb5 Qxf4+ 30. Kg1 Qe4 31. Qxb7 Qe1# 0-1

[Event "Budapest-chT1 Lilienthal 1011"]
[Site "Budapest"]
[Date "2010.12.12"]
[Round "6"]
[White "Kantor, Gergely"]
[Black "Gara Tornoczi, Peter"]
[Result "1/2-1/2"]
[WhiteElo "2076"]
[BlackElo "2197"]
[PlyCount "39"]
[EventDate "2010.09.19"]
[EventType "team-tourn"]
[EventRounds "11"]
[EventCountry "HUN"]
[SourceTitle "EXT 2020"]
[Source "ChessBase"]
[SourceDate "2019.10.17"]
[SourceVersion "1"]
[SourceVersionDate "2019.10.17"]
[SourceQuality "1"]
[WhiteTeam "Hid Unio"]
[BlackTeam "Budapest Ujpest KSE"]
[WhiteTeamCountry "HUN"]
[BlackTeamCountry "HUN"]

1. d4 d5 2. c4 e6 3. Nc3 c5 4. cxd5 exd5 5. Nf3 Nc6 6. g3 Nf6 7. Bg2 Be7 8. 0-0 0-0 9. dxc5 d4 10. Na4 Bf5 11. b3 Be4 12. Bb2 Qd5 13. Rc1 Rad8 14. Rc4 Qh5 15. Nxd4 Bxg2 16. Kxg2 Qd5+ 17. Kg1 Qh5 18. Kg2 Qd5+ 19. Kg1 Qh5 20. Kg2 1/2-1/2

[Event "Budapest-chT1 Lilienthal 1011"]
[Site "Budapest"]
[Date "2010.11.14"]
[Round "4"]
[White "Nagy, Ervin"]
[Black "Gara Tornoczi, Peter"]
[Result "1-0"]
[WhiteElo "2269"]
[BlackElo "2197"]
[PlyCount "111"]
[EventDate "2010.09.19"]
[EventType "team-tourn"]
[EventRounds "11"]
[EventCountry "HUN"]
[SourceTitle "EXT 2020"]
[Source "ChessBase"]
[SourceDate "2019.10.17"]
[SourceVersion "1"]
[SourceVersionDate "2019.10.17"]
[SourceQuality "1"]
[WhiteTeam "Budapest Honved III"]
[BlackTeam "Budapest Ujpest KSE"]
[WhiteTeamCountry "HUN"]
[BlackTeamCountry "HUN"]

1. Nf3 d5 2. c4 e6 3. b3 Nf6 4. Bb2 Nbd7 5. g3 Be7 6. Bg2 0-0 7. 0-0 c5 8. e3 b6 9. Nc3 Bb7 10. Qc2 Rc8 11. Rac1 Qc7 12. Rfe1 Qb8 13. cxd5 exd5 14. d4 Ne4 15. dxc5 Ndxc5 16. Red1 Nxc3 17. Qxc3 Bf6 18. Nd4 Na4 19. Qd2 Nxb2 20. Qxb2 Rc5 21. b4 Rc4 22. Bf1 Bxd4 23. Rxd4 Rxc1 24. Qxc1 Rc8 25. Qd1 Qc7 26. Bg2 Qc3 27. Bxd5 Bxd5 28. Rxd5 Qxb4 29. Rd7 Qa3 30. Rd8+ Rxd8 31. Qxd8+ Qf8 32. Qc7 Qa8 33. a4 g6 34. h4 h5 35. Kf1 Qd5 36. Qxa7 Qd1+ 37. Kg2 Qd5+ 38. Kh2 Qf3 39. Qb8+ Kg7 40. Qe5+ Kf8 41. Qd6+ Kg7 42. Qd4+ Kf8 43. e4 Qb3 44. Kg2 Ke7 45. Kf1 Qc2 46. Qb4+ Kd7 47. Kg2 Qc6 48. Kf3 f5 49. Kf4 fxe4 50. Qxe4 Kc7 51. Qe5+ Kb7 52. Qe4 Qxe4+ 53. Kxe4 Ka6 54. Kd5 Ka5 55. Kc6 Kxa4 56. Kxb6 1-0